[Event "7. Lichtenberger Sommer"]
[Site "Berlin"]
[Date "2008.08.17"]
[Round "2.27"]
[White "Zschaebitz, Klaus"]
[Black "Kapp, Stefan"]
[Result "0-1"]
[WhiteElo "2103"]
[BlackElo "2093"]
[PlyCount "134"]
[EventDate "2008.??.??"]
[WhiteTeam "BSG 1827 Eckbauer e.V."]
[BlackTeam "TSV IFA Chemnitz"]

1. d4 d5 2. Nf3 Nf6 3. Bf4 e6 4. e3 c5 5. c3 Nc6 6. Nbd2 cxd4 7. exd4 Bd6 8.
Bxd6 Qxd6 9. Bd3 O-O 10. O-O e5 11. dxe5 Nxe5 12. Nxe5 Qxe5 13. Nf3 Qh5 14. Nd4
Qxd1 15. Raxd1 Bd7 16. Rfe1 Rfe8 17. Rxe8+ Rxe8 18. Kf1 Kf8 19. a4 a6 20. a5 g6
21. b4 Rc8 22. Ne2 Ba4 23. Ra1 Bb3 24. f3 Bc4 25. Bxc4 Rxc4 26. Rd1 Ke7 27. Kf2
Kd6 28. Ke3 Ne8 29. Rd3 Nc7 30. Kd2 Nb5 31. g3 g5 32. g4 f5 33. gxf5 Ke5 34. f6
Rc6 35. f7 Rf6 36. Re3+ Kd6 37. f4 gxf4 38. Rf3 Rxf7 39. Rxf4 Rxf4 40. Nxf4 Ke5
41. Nh5 d4 42. c4 Na7 43. Kc2 Nc6 44. Kb3 Ke4 45. Nf6+ Ke3 46. Nd5+ Ke2 47.
Nf4+ Kd2 48. h4 d3 49. h5 Nd4+ 50. Kb2 Nc6 51. Kb3 Ke3 52. Nd5+ Kd4 53. Nc3 Ne5
54. c5 Ng4 55. Nb1 Nf6 56. h6 Ne4 57. b5 Nxc5+ 58. Kb4 Ne4 59. bxa6 bxa6 60.
Kb3 d2 61. Kc2 Ke3 62. Nxd2 Nxd2 63. Kc3 Ne4+ 64. Kc4 Kf4 65. Kd5 Nd2 66. Kc5
Kg5 67. Kb6 Kxh6 0-1

[Event "7. Lichtenberger Sommer"]
[Site "?"]
[Date "2008.08.17"]
[Round "2.28"]
[White "Kapp, Martin"]
[Black "Segerberg, Tomas"]
[Result "1-0"]
[WhiteElo "2070"]
[BlackElo "1845"]
[PlyCount "91"]
[EventDate "2008.??.??"]

1. d4 e6 2. c4 Nf6 3. Nf3 b6 4. g3 Ba6 5. Qc2 Bb4+ 6. Bd2 Be7 7. Bg2 O-O 8. Ne5
d5 9. O-O c5 10. e3 cxd4 11. exd4 Nfd7 12. Nf3 Bxc4 13. Rc1 Be2 14. Bf4 Bxf3
15. Bxf3 Bg5 16. Bxg5 Qxg5 17. Kg2 Qf6 18. Qa4 a6 19. Nc3 Qd8 20. Nb5 Nf6 21.
Rc2 Nbd7 22. Nc7 Ra7 23. Qc6 Ne8 24. Nxe8 Qxe8 25. Rac1 g6 26. h4 Qe7 27. Be2
b5 28. a3 Qf6 29. Rd2 Kg7 30. Qd6 Nb8 31. h5 Rd8 32. Qb6 Qe7 33. Qa5 Rad7 34.
Qc3 Qg5 35. Rh1 Rh8 36. h6+ Kf8 37. Rc2 Qe7 38. Qe3 f6 39. Rc8+ Rd8 40. Rxd8+
Qxd8 41. Qxe6 Qe7 42. Qc8+ Qe8 43. Rc1 Ke7 44. Qc5+ Ke6 45. Bg4+ f5 46. Re1+
1-0

[Event "7. Lichtenberger Sommer"]
[Site "Berlin"]
[Date "2008.08.17"]
[Round "2.29"]
[White "Reiche, Henry"]
[Black "Dimitrijeski, Kristian"]
[Result "0-1"]
[WhiteElo "2015"]
[BlackElo "2167"]
[PlyCount "58"]
[EventDate "2008.??.??"]
[WhiteTeam "SV Berolina Mitte e.V."]
[BlackTeam "Sfrd. Berlin 1903 e.V."]

1. e4 c6 2. d4 d5 3. e5 Bf5 4. Nf3 e6 5. Be2 Ne7 6. O-O Bg6 7. c4 Nf5 8. Nc3
Be7 9. a3 O-O 10. c5 a5 11. Bd2 Bh5 12. Be3 f6 13. b4 Bxf3 14. Bxf3 fxe5 15.
Bg4 Nd7 16. Bxf5 exf5 17. dxe5 Nxe5 18. Bd4 Nd7 19. f4 Bf6 20. Ne2 Re8 21. Bxf6
Qxf6 22. Rb1 axb4 23. axb4 Ra2 24. Ng3 g6 25. Re1 Rxe1+ 26. Qxe1 Qd4+ 27. Kh1
Kf7 28. Nxf5 gxf5 29. Qh4 Nf6 0-1

[Event "7. Lichtenberger Sommer"]
[Site "Berlin"]
[Date "2008.08.17"]
[Round "2.30"]
[White "Schleich, Theodor"]
[Black "Kornath, Heinrich"]
[Result "1-0"]
[WhiteElo "2099"]
[BlackElo "1970"]
[PlyCount "45"]
[EventDate "2008.??.??"]
[WhiteTeam "FC Bayern München e.V."]
[BlackTeam "SC Friesen Lichtenberg e.V."]

1. d4 Nf6 2. Bg5 Ne4 3. Bh4 c5 4. f3 Qa5+ 5. c3 Nf6 6. dxc5 Qxc5 7. e4 Nc6 8.
Na3 d6 9. Nc4 Be6 10. Bf2 Qh5 11. h4 Qg6 12. Ne3 h5 13. Ne2 Nd7 14. Nf4 Qh6 15.
Ned5 Bxd5 16. Nxd5 Rc8 17. Qb3 Nc5 18. Bxc5 dxc5 19. Qxb7 Rb8 20. Nc7+ Kd7 21.
Rd1+ Nd4 22. Bb5+ Kd6 23. Qxb8 1-0

[Event "7. Lichtenberger Sommer"]
[Site "?"]
[Date "2008.08.17"]
[Round "2.31"]
[White "Kropman, Alexei"]
[Black "Gschwendtner, Klaus"]
[Result "1-0"]
[WhiteElo "1935"]
[BlackElo "2075"]
[PlyCount "91"]
[EventDate "2008.??.??"]

1. e4 e5 2. Nf3 Nc6 3. Bc4 Nf6 4. d3 Bc5 5. c3 Bb6 6. Nbd2 O-O 7. O-O d6 8. h3
Na5 9. Bb5 h6 10. Re1 c6 11. Ba4 Bc7 12. Bc2 c5 13. Nf1 Nc6 14. Ng3 b5 15. Qe2
Rb8 16. Nh4 b4 17. Nhf5 Bxf5 18. Nxf5 bxc3 19. bxc3 Ba5 20. Qe3 Ne8 21. Qg3 Kh7
22. Ba4 Ne7 23. Nxe7 Qxe7 24. Bd2 Nc7 25. Rab1 Ne6 26. Rec1 Qf6 27. Bb3 Nf4 28.
Qf3 g5 29. Bxf4 gxf4 30. d4 Rfd8 31. dxe5 dxe5 32. Rd1 Kg7 33. Bd5 Rb6 34. Bb3
Rbd6 35. Bd5 Rb6 36. Bb3 Rbd6 37. Rd5 Rxd5 38. Bxd5 Bb6 39. a4 Qg5 40. c4 Rd7
41. Rb5 Qd8 42. Qg4+ Kf8 43. Qf5 Qc7 44. a5 Rxd5 45. exd5 Bxa5 46. d6 1-0

[Event "7. Lichtenberger Sommer"]
[Site "Berlin"]
[Date "2008.08.17"]
[Round "2.32"]
[White "Bukowski, Henryk"]
[Black "Windolf, Mario"]
[Result "1-0"]
[WhiteElo "2175"]
[BlackElo "1839"]
[PlyCount "101"]
[EventDate "2008.??.??"]
[WhiteTeam "BSC Rehberge 1945 e.V."]
[BlackTeam "1. Schachclub Anhalt"]

1. e4 e6 2. d4 d5 3. Nd2 Nf6 4. e5 Nfd7 5. f4 c5 6. Ndf3 Nc6 7. c3 Be7 8. Bd3
c4 9. Bc2 b5 10. a3 a5 11. Ne2 Bb7 12. O-O b4 13. axb4 axb4 14. Rxa8 Bxa8 15.
f5 Qb6 16. Kh1 b3 17. Bb1 Nf8 18. Ng3 g6 19. fxg6 hxg6 20. Ng5 Bxg5 21. Bxg5
Qc7 22. Qf3 Rh7 23. Kg1 Ne7 24. Nh5 Ng8 25. Nf4 Ne7 26. Qg3 Bc6 27. Bf6 Nf5 28.
Bxf5 exf5 29. Re1 Kd7 30. e6+ fxe6 31. Be5 Qd8 32. Nxg6 Nxg6 33. Qxg6 Qe7 34.
Ra1 Bb7 35. Qf6 Qxf6 36. Bxf6 Rh6 37. Be5 Kc6 38. g3 Kb6 39. h4 Bc6 40. Kf2 Be8
41. Ke3 Bh5 42. Bf4 Rh8 43. Bg5 Bg4 44. Kf4 Kb7 45. Ke5 Re8 46. Bf4 Bf3 47. Ra4
Kb6 48. Kd6 Rd8+ 49. Ke7 Rh8 50. Be5 Rh6 51. Kd6 1-0

[Event "7. Lichtenberger Sommer"]
[Site "Berlin"]
[Date "2008.08.17"]
[Round "2.33"]
[White "Kapr, Klaus"]
[Black "Baranowsky, Peter"]
[Result "1-0"]
[WhiteElo "2059"]
[BlackElo "1836"]
[PlyCount "51"]
[EventDate "2008.??.??"]
[WhiteTeam "SC Friesen Lichtenberg e.V."]
[BlackTeam "BA Tempelhof"]

1. e4 e6 2. d4 d5 3. Nc3 Bb4 4. e5 c5 5. a3 Bxc3+ 6. bxc3 Ne7 7. Qg4 O-O 8. Nf3
Nbc6 9. Bd3 f5 10. exf6 Rxf6 11. Bg5 e5 12. Bxh7+ Kxh7 13. Qh4+ Kg8 14. Bxf6
gxf6 15. Qxf6 Qf8 16. dxe5 Bg4 17. Ng5 Qxf6 18. exf6 Ng6 19. f3 Bf5 20. O-O-O
Rd8 21. g4 Bc8 22. Rhe1 Nge5 23. h3 a6 24. f4 Nxg4 25. hxg4 Bxg4 26. Rxd5 1-0

[Event "7. Lichtenberger Sommer"]
[Site "Berlin"]
[Date "2008.08.17"]
[Round "2.34"]
[White "Alihodzic, Ahmo"]
[Black "Buttkus, Andre"]
[Result "1/2-1/2"]
[WhiteElo "1954"]
[BlackElo "2050"]
[PlyCount "118"]
[EventDate "2008.??.??"]
[BlackTeam "SK Tempelhof 1931 e.V."]

1. d4 d5 2. c4 e6 3. Nc3 Nf6 4. Bg5 Be7 5. Nf3 O-O 6. e3 h6 7. Bxf6 Bxf6 8. Bd3
c5 9. O-O cxd4 10. exd4 Nc6 11. Ne2 Nb4 12. Re1 b6 13. a3 Nxd3 14. Qxd3 dxc4
15. Qxc4 Bb7 16. Red1 Rc8 17. Qd3 Qd6 18. Rd2 Rfd8 19. Rad1 g6 20. Qe3 Bg7 21.
h3 Qd5 22. Nf4 Qe4 23. Qxe4 Bxe4 24. Ne5 h5 25. f3 Bc2 26. Re1 Bh6 27. g3 h4
28. Kf2 hxg3+ 29. Kxg3 f6 30. Ng4 Bxf4+ 31. Kxf4 Kf7 32. Ne3 Bb3 33. Ree2 Rc1
34. h4 Rh1 35. Kg3 Rh8 36. Rh2 Rxh2 37. Rxh2 Rd8 38. Rd2 Rd7 39. Rd3 Ba4 40. d5
exd5 41. Rxd5 Rxd5 42. Nxd5 Bb3 43. Nc3 Bc4 44. Kf4 Ke6 45. Ke4 Ba6 46. Kf4 Bb7
47. Nb5 a6 48. Nd4+ Kd5 49. Ke3 Bc8 50. b3 Bd7 51. Ne2 Be8 52. f4 Ke6 53. Ng3
Bb5 54. Kd4 Be8 55. Ke4 Bc6+ 56. Ke3 Bd5 57. b4 Bc6 58. Kd4 Bb7 59. Kc4 Bc6
1/2-1/2

[Event "7. Lichtenberger Sommer"]
[Site "Berlin"]
[Date "2008.08.17"]
[Round "2.35"]
[White "Friedrich, Wiede"]
[Black "Bergmann, Jens"]
[Result "1-0"]
[WhiteElo "2044"]
[BlackElo "1625"]
[PlyCount "49"]
[EventDate "2008.??.??"]
[WhiteTeam "USV Potsdam e.V., Abt. Schach"]
[BlackTeam "SK Tempelhof 1931 e.V."]

1. e4 d5 2. exd5 Qxd5 3. Nc3 Qa5 4. d4 c6 5. Bc4 Nf6 6. Nge2 Bf5 7. O-O e6 8.
Bd2 Nbd7 9. Re1 Qb6 10. Bb3 Bd6 11. Bf4 Qc7 12. Bxd6 Qxd6 13. Ng3 Bg6 14. d5
cxd5 15. Nxd5 Qc6 16. Nf4 O-O 17. Nxe6 fxe6 18. Rxe6 Bf7 19. Rxc6 bxc6 20. Qd6
Bxb3 21. axb3 Kh8 22. Nf5 h6 23. Qe7 Rg8 24. Nd6 Rad8 25. Nf7+ 1-0

[Event "7. Lichtenberger Sommer"]
[Site "Berlin"]
[Date "2008.08.17"]
[Round "2.36"]
[White "Kohlmeyer, Dagobert"]
[Black "Wasem, Ralph"]
[Result "0-1"]
[WhiteElo "2002"]
[BlackElo "2100"]
[PlyCount "66"]
[EventDate "2008.??.??"]
[WhiteTeam "SC Rochade e.V."]
[BlackTeam "SK Landau"]

1. e4 c5 2. Nf3 e6 3. d4 cxd4 4. Nxd4 Nc6 5. Nc3 a6 6. Be2 Qc7 7. Be3 Nf6 8.
O-O Bb4 9. f3 Ne7 10. Qd3 O-O 11. Rad1 b5 12. Nb1 d5 13. g3 Bd6 14. Bg5 Bxg3
15. f4 Bxh2+ 16. Kxh2 dxe4 17. Qg3 Ng6 18. Nc3 Nd5 19. Nxd5 exd5 20. Bh5 f6 21.
Bh4 Nxh4 22. Qxh4 Kh8 23. Qg3 f5 24. c3 Rf6 25. Kg2 Bd7 26. Rh1 Be8 27. Kf2 b4
28. Bxe8 Rxe8 29. Rh5 e3+ 30. Kf3 bxc3 31. bxc3 Qxc3 32. Ne2 Qc2 33. Rdh1 Qe4#
0-1

[Event "7. Lichtenberger Sommer"]
[Site "Berlin"]
[Date "2008.08.17"]
[Round "2.37"]
[White "Eberlein, Johann"]
[Black "Van Asseldonk, Paul"]
[Result "0-1"]
[WhiteElo "1941"]
[BlackElo "2101"]
[PlyCount "146"]
[EventDate "2008.??.??"]
[WhiteTeam "BSV 63 Chemie Weißensee"]
[BlackTeam "HSC Helmond"]

1. d4 Nf6 2. c4 e6 3. Nf3 Bb4+ 4. Bd2 a5 5. g3 b6 6. Bg2 Bb7 7. O-O O-O 8. Bg5
Be7 9. Nc3 Ne4 10. Bxe7 Qxe7 11. Rc1 f5 12. d5 Nxc3 13. Rxc3 Na6 14. Nd4 Nc5
15. Nb5 d6 16. dxe6 Bxg2 17. Kxg2 Nxe6 18. Qd5 Qf7 19. Re3 Rae8 20. Kg1 Re7 21.
Na7 f4 22. Rf3 Nc5 23. Qxf7+ Rfxf7 24. Re1 fxg3 25. Rxf7 gxh2+ 26. Kxh2 Kxf7
27. e3 Nd3 28. Rb1 Ke8 29. Kg3 g5 30. Nc6 Rf7 31. f3 Kd7 32. Nb8+ Ke6 33. Nc6
Kd7 34. Nb8+ Kc8 35. Nc6 Rd7 36. b4 axb4 37. Nxb4 Nxb4 38. Rxb4 Re7 39. e4 Kd7
40. Kg4 Rf7 41. Rb5 Rf4+ 42. Kg3 h6 43. a4 Ke6 44. a5 bxa5 45. Rxa5 c5 46. Ra8
Ke5 47. Re8+ Kd4 48. Re6 Ke3 49. Rxd6 Rxf3+ 50. Kg2 Rf2+ 51. Kg3 Rc2 52. e5
Rxc4 53. e6 Re4 54. Rd1 Ke2 55. Rc1 c4 56. e7 Kd3 57. Rd1+ Kc3 58. Rc1+ Kd4 59.
Rd1+ Kc5 60. Rd7 h5 61. Rc7+ Kb4 62. Rb7+ Kc3 63. Rc7 h4+ 64. Kh3 Re3+ 65. Kg2
g4 66. Kf2 Re5 67. Kg2 h3+ 68. Kg3 Re4 69. Rd7 Kb3 70. Rb7+ Kc2 71. Rb4 Kd3 72.
Ra4 Rxe7 73. Kxg4 h2 0-1

[Event "7. Lichtenberger Sommer"]
[Site "Berlin"]
[Date "2008.08.17"]
[Round "2.39"]
[White "Krusemark, Gerhard"]
[Black "Hahlbohm, Matthias"]
[Result "0-1"]
[WhiteElo "1705"]
[BlackElo "2085"]
[PlyCount "48"]
[EventDate "2008.??.??"]
[WhiteTeam "TSG Rot-Weiß Fredersdorf/Vogelsd"]
[BlackTeam "TSG Oberschöneweide e.V."]

1. e4 c5 2. f4 Nc6 3. Nf3 e6 4. Nc3 d5 5. Bb5 d4 6. Ne2 Bd7 7. d3 Qa5+ 8. c3
Qxb5 9. cxd4 cxd4 10. O-O Bc5 11. Qe1 Nf6 12. Qg3 g6 13. Ne5 Nxe4 14. Qf3 Nf6
15. g4 h5 16. h3 hxg4 17. hxg4 Nd5 18. Nc4 O-O-O 19. Ng3 Ne3 20. Nxe3 dxe3 21.
Bxe3 Nd4 22. Qf2 Bc6 23. Rac1 Kb8 24. Ne4 Qxd3 0-1

[Event "7. Lichtenberger Sommer"]
[Site "Berlin"]
[Date "2008.08.17"]
[Round "2.40"]
[White "Engelhardt, Erhard"]
[Black "Schulz, Hartmut"]
[Result "1-0"]
[WhiteElo "1820"]
[BlackElo "2149"]
[PlyCount "149"]
[EventDate "2008.??.??"]
[WhiteTeam "SSV Rotation Berlin e.V."]
[BlackTeam "SC Rotation Pankow e.V."]

1. f4 d5 2. Nf3 Nf6 3. e3 g6 4. b3 Bg7 5. Bb2 O-O 6. Be2 c5 7. O-O Nc6 8. Ne5
Qc7 9. Nxc6 Qxc6 10. Bf3 Qd7 11. Be5 b6 12. Qe2 Bb7 13. d3 e6 14. Nd2 Ne8 15.
Bxg7 Kxg7 16. Rfd1 Nd6 17. c4 Rad8 18. e4 Rfe8 19. Qf2 f5 20. e5 Nf7 21. Nf1 d4
22. Nd2 Bxf3 23. Qxf3 Qe7 24. Rdb1 g5 25. g3 g4 26. Qg2 h5 27. Kf2 Rh8 28. Rh1
h4 29. Rag1 h3 30. Qf1 Qb7 31. Ke2 a6 32. Qf2 b5 33. Rb1 b4 34. Rhf1 a5 35. Qg1
Ra8 36. Qh1 Qc7 37. Ra1 a4 38. Rfb1 Rhb8 39. a3 axb3 40. Rxb3 Qb7 41. Qxb7 Rxb7
42. Rab1 Rab8 43. axb4 cxb4 44. Ra1 Nd8 45. Ra6 Kf7 46. Rd6 Ke7 47. Rxd4 Rb6
48. c5 Rb5 49. Rc4 Nc6 50. Rb2 Na5 51. Rc1 b3 52. d4 Kd7 53. Kd3 Kc6 54. Ra1
Rd8 55. Nc4 Nb7 56. Ra6+ Kc7 57. Kc3 Rb8 58. Ra3 Kc6 59. Ra6+ Kc7 60. Ra3 Kc6
61. Nd6 Nxd6 62. exd6 e5 63. fxe5 f4 64. e6 fxg3 65. hxg3 h2 66. Ra1 Rh8 67.
Rh1 Rh3 68. Kc4 Rh5 69. e7 Rb8 70. Rxb3 Ra8 71. d5+ Kd7 72. Rb7+ Ke8 73. c6
Ra4+ 74. Kb5 Ra8 75. Kb6 1-0

[Event "7. Lichtenberger Sommer"]
[Site "Berlin"]
[Date "2008.08.17"]
[Round "2.42"]
[White "Pozzo, Sebastian C"]
[Black "Petersen, Soren Boeck"]
[Result "0-1"]
[WhiteElo "1980"]
[BlackElo "2242"]
[PlyCount "45"]
[EventDate "2008.??.??"]
[WhiteTeam "Streatham"]
[BlackTeam "Vanlose Skakklub"]

1. d4 d5 2. Nf3 Nf6 3. c4 dxc4 4. Nc3 a6 5. a4 Nc6 6. e3 Na5 7. Ne5 Be6 8. e4
Nb3 9. d5 Nxa1 10. Bxc4 Bd7 11. Nxf7 Kxf7 12. e5 g6 13. Be3 b5 14. Ba2 b4 15.
exf6 exf6 16. d6+ b3 17. Bxb3+ Nxb3 18. dxc7 Qxc7 19. Qd5+ Kg7 20. Qxa8 Bb4 21.
Bh6+ Kxh6 22. Qxh8 Bxc3+ 23. Kf1 0-1

[Event "7. Lichtenberger Sommer"]
[Site "?"]
[Date "2008.08.17"]
[Round "2.43"]
[White "Krannich, Sven"]
[Black "Reichenbach, Werner"]
[Result "1/2-1/2"]
[WhiteElo "1875"]
[BlackElo "2305"]
[PlyCount "91"]
[EventDate "2008.??.??"]

1. b4 e6 2. Bb2 Nf6 3. b5 d5 4. e3 a6 5. a4 axb5 6. axb5 Rxa1 7. Bxa1 Bd6 8.
Nf3 O-O 9. Be2 Nbd7 10. O-O c5 11. c4 Qc7 12. h3 b6 13. d4 Bb7 14. Nbd2 Ne4 15.
Qc2 cxd4 16. Nxe4 dxe4 17. Nxd4 Ra8 18. Qc3 Bf8 19. Rd1 Nc5 20. Nc2 f6 21. Bg4
Bd6 22. Nd4 Qe7 23. Qc2 Bc7 24. Bc3 Qf7 25. Bb4 f5 26. Be2 Rd8 27. Nb3 Rxd1+
28. Qxd1 Nxb3 29. Qxb3 Qd7 30. Qd1 Qxd1+ 31. Bxd1 Kf7 32. Kf1 Ke8 33. Ke2 Kd7
34. Kd2 Bd6 35. Kc3 Bc5 36. Bxc5 bxc5 37. f3 g5 38. fxe4 Bxe4 39. Bf3 Bxf3 40.
gxf3 e5 41. Kd2 h5 42. Kd3 h4 43. Ke2 Kd6 44. f4 gxf4 45. exf4 e4 46. Ke3
1/2-1/2

[Event "7. Lichtenberger Sommer"]
[Site "Berlin"]
[Date "2008.08.17"]
[Round "2.44"]
[White "Moritz, Aron"]
[Black "Newrkla, Alexander"]
[Result "1-0"]
[WhiteElo "1967"]
[BlackElo "2055"]
[PlyCount "99"]
[EventDate "2008.??.??"]
[WhiteTeam "SV Empor Berlin e.V."]

1. e4 Nc6 2. Nf3 e5 3. Bc4 Be7 4. c3 Nf6 5. d3 O-O 6. Nbd2 d6 7. Bb3 Be6 8. Bc2
d5 9. exd5 Nxd5 10. O-O a5 11. Re1 f6 12. d4 Bd6 13. c4 exd4 14. cxd5 Bxd5 15.
Bb3 Bxb3 16. Nxb3 d3 17. a3 Qd7 18. Be3 Rad8 19. Nbd4 Ne5 20. Nxe5 Bxe5 21.
Qb3+ Qd5 22. Qxd5+ Rxd5 23. Nf5 Kf7 24. Rab1 c5 25. Ng3 Rc8 26. Ne4 c4 27. Nc3
Rd7 28. Bb6 Bc7 29. Bxc7 Rcxc7 30. f3 Rc5 31. Kf2 b5 32. Ke3 b4 33. axb4 axb4
34. Ne4 Rc6 35. Kd2 h6 36. Rbc1 f5 37. Nf2 g5 38. h3 Kf6 39. g4 Rd5 40. Re3 Re5
41. Nd1 f4 42. Rxe5 Kxe5 43. b3 Kd4 44. Rxc4+ Rxc4 45. bxc4 Kxc4 46. Nb2+ Kd4
47. Nxd3 b3 48. Nb2 Kc5 49. Kc3 Kd5 50. Nd3 1-0

[Event "7. Lichtenberger Sommer"]
[Site "?"]
[Date "2008.08.17"]
[Round "2.45"]
[White "Carrasco, Paul"]
[Black "Alvarez, Luis"]
[Result "1-0"]
[WhiteElo "2040"]
[BlackElo "1820"]
[PlyCount "113"]
[EventDate "2008.??.??"]

1. Nf3 d5 2. b3 Nf6 3. Bb2 e6 4. e3 c5 5. Ne5 Bd6 6. f4 O-O 7. Be2 Nc6 8. O-O
Nd7 9. Nxc6 bxc6 10. Bd3 f5 11. g4 g6 12. gxf5 exf5 13. Nc3 Nf6 14. Rf2 Ng4 15.
Rg2 Qh4 16. Be2 Kf7 17. Bf3 Be6 18. Na4 Rac8 19. Qf1 Rg8 20. Ba3 Qe7 21. h3 Nf6
22. Nb2 d4 23. exd4 cxd4 24. Bxd6 Qxd6 25. Nd3 c5 26. Ne5+ Kf8 27. Re1 Nd7 28.
Qb5 Nxe5 29. Rxe5 Bd7 30. Qc4 Kg7 31. Rge2 Rge8 32. Kf2 a6 33. Rd5 Rxe2+ 34.
Qxe2 Qe6 35. Re5 Qd6 36. Rd5 Qe6 37. Qxe6 Bxe6 38. Rd6 Bg8 39. Rxa6 c4 40. b4
c3 41. d3 Rb8 42. a3 Ba2 43. Rd6 Bb1 44. Rxd4 Bxc2 45. Rc4 Bxd3 46. Rxc3 Bb5
47. Rc7+ Kh6 48. Rb7 Rxb7 49. Bxb7 g5 50. Kg3 Kg6 51. Bd5 h5 52. fxg5 Kxg5 53.
h4+ Kf6 54. Kf4 Bd7 55. Bb3 Ke7 56. Ke5 Kd8 57. Bc2 1-0

[Event "7. Lichtenberger Sommer"]
[Site "Berlin"]
[Date "2008.08.17"]
[Round "2.46"]
[White "Newrkla, Katharina"]
[Black "Bauerfeind, Lars"]
[Result "1-0"]
[WhiteElo "2049"]
[BlackElo "1289"]
[PlyCount "67"]
[EventDate "2008.??.??"]
[WhiteTeam "Austria  Wien"]
[BlackTeam "SV Motor Eberswalde e.V."]

1. e4 c6 2. d4 d5 3. exd5 cxd5 4. c4 Nf6 5. Nc3 e6 6. Nf3 Nbd7 7. cxd5 exd5 8.
Bd3 Bb4 9. O-O O-O 10. Bg5 Qc7 11. Rc1 Qd6 12. Nb5 Qb6 13. a3 Be7 14. Re1 Re8
15. Nc7 Kf8 16. Nxa8 Qxb2 17. Nc7 Rd8 18. Nb5 a6 19. Re2 Qxe2 20. Qxe2 axb5 21.
Bxb5 h6 22. Bxf6 Nxf6 23. Ne5 Bxa3 24. Rc7 Be6 25. f4 Bd6 26. Rxb7 Rc8 27. Qb2
Kg8 28. Bd3 Ra8 29. f5 Bc8 30. Rb6 Bc7 31. Rc6 Bxe5 32. dxe5 Ng4 33. h3 Ne3 34.
Qc1 1-0

[Event "7. Lichtenberger Sommer"]
[Site "?"]
[Date "2008.08.17"]
[Round "2.47"]
[White "Hesselbarth, Karlheinz"]
[Black "Huenerfauth, Uwe"]
[Result "0-1"]
[WhiteElo "1855"]
[BlackElo "2085"]
[PlyCount "68"]
[EventDate "2008.??.??"]

1. d4 Nf6 2. c4 c5 3. d5 b5 4. cxb5 a6 5. bxa6 Bxa6 6. Nc3 d6 7. e4 Bxf1 8.
Kxf1 g6 9. Nf3 Nbd7 10. h3 Bg7 11. Kg1 O-O 12. Kh2 Qa5 13. Re1 Rfb8 14. Re2 Ne8
15. Rc2 Nc7 16. Bg5 Kf8 17. Qc1 Ke8 18. a4 Na6 19. Bh6 Bh8 20. Ne1 Nb4 21. Rd2
c4 22. Be3 Nc5 23. Bxc5 Qxc5 24. Nb5 Rc8 25. Ra3 Na6 26. Rc2 Nb4 27. Rd2 Bf6
28. g3 Kf8 29. Re2 Rxa4 30. Rxa4 Qxb5 31. b3 c3 32. Re3 Kg7 33. f4 Bd4 34. Rf3
Qe2+ 0-1

[Event "7. Lichtenberger Sommer"]
[Site "Berlin"]
[Date "2008.08.17"]
[Round "2.48"]
[White "Dietzel, Uwe"]
[Black "Kurzweil, Thomas"]
[Result "0-1"]
[WhiteElo "1532"]
[BlackElo "1985"]
[PlyCount "100"]
[EventDate "2008.??.??"]
[WhiteTeam "TSV Lichtentanne SAbt"]
[BlackTeam "Spgem Kötz/Ichenhausen"]

1. d4 d5 2. Nf3 e6 3. Bf4 Nf6 4. c3 b6 5. e3 Bb7 6. Nbd2 Be7 7. Bd3 O-O 8. Qe2
Ne4 9. h3 c5 10. Rc1 Nd7 11. O-O c4 12. Bb1 b5 13. Nxe4 dxe4 14. Nd2 f5 15. b3
Rc8 16. Bh2 a5 17. bxc4 bxc4 18. Bc2 Bf6 19. Ba4 Ba6 20. Bxd7 Qxd7 21. f3 exf3
22. Nxf3 Bb7 23. Ne5 Bxe5 24. Bxe5 Be4 25. Qb2 Qd5 26. Rf2 Rf7 27. Qb6 Rb7 28.
Qd6 Rc6 29. Qxd5 exd5 30. Kh2 a4 31. g4 g6 32. Rg1 Kf8 33. gxf5 Bxf5 34. Re1
Ke7 35. Rg1 Ke6 36. h4 Rcb6 37. Rgg2 a3 38. Kg3 Rb2 39. Rh2 Rxf2 40. Rxf2 Rb2
41. Bc7 Bb1 42. Rf8 Rxa2 43. Ra8 Be4 44. Kh3 Ra1 45. Bh2 a2 46. Re8+ Kd7 47.
Ra8 Kc6 48. Ra7 Kb5 49. Ra8 Re1 50. Rxa2 Rxe3+ 0-1

[Event "7. Lichtenberger Sommer"]
[Site "Berlin"]
[Date "2008.08.17"]
[Round "2.49"]
[White "Gloess, Henrik"]
[Black "Gebert, Ralf"]
[Result "0-1"]
[WhiteElo "1419"]
[BlackElo "2081"]
[PlyCount "106"]
[EventDate "2008.??.??"]
[WhiteTeam "Sfr.Nord-Ost Berlin"]
[BlackTeam "SG Güstrow/Teterow"]

1. d4 Nf6 2. Nf3 b6 3. c4 Bb7 4. e3 e6 5. Bd3 d6 6. Nbd2 Nbd7 7. e4 e5 8. d5 g6
9. Nb3 Bg7 10. h3 O-O 11. Be3 Nh5 12. g3 a5 13. a4 Nb8 14. Qd2 Na6 15. Bh6 Nb4
16. Bxg7 Nxg7 17. Be2 Qf6 18. Nc1 Ba6 19. Qc3 c6 20. Nd3 cxd5 21. exd5 Nxd5 22.
cxd5 Rac8 23. Qd2 e4 24. Nh2 exd3 25. Bxd3 Bxd3 26. Qxd3 Rfe8+ 27. Kf1 Qf5 28.
Qxf5 Nxf5 29. Kg2 Rc2 30. Rhe1 Rce2 31. Rxe2 Rxe2 32. Ng4 Kg7 33. Rb1 Rd2 34.
b4 h5 35. Nh2 Rxd5 36. g4 Ne7 37. Nf1 hxg4 38. hxg4 Rd4 39. bxa5 bxa5 40. Ne3
Rxa4 41. Rd1 d5 42. f3 d4 43. Nf1 Nd5 44. Rd2 Kf6 45. Kf2 Ke5 46. Ke2 Nf4+ 47.
Kf2 Ra1 48. Ng3 a4 49. Ne2 Nxe2 50. Kxe2 a3 51. Kd3 a2 52. Re2+ Kf4 53. Rd2
Kxf3 0-1

[Event "7. Lichtenberger Sommer"]
[Site "Berlin"]
[Date "2008.08.17"]
[Round "2.50"]
[White "Poeltelt, Helmut"]
[Black "Paul, Reinhart"]
[Result "0-1"]
[WhiteElo "1545"]
[BlackElo "2155"]
[PlyCount "104"]
[EventDate "2008.??.??"]
[WhiteTeam "SC Eintracht Berlin e.V."]
[BlackTeam "CFC Hertha 06 e.V."]

1. e4 c5 2. Nf3 d6 3. d4 cxd4 4. Nxd4 Nf6 5. Nc3 a6 6. Be3 Nc6 7. Be2 e6 8. Qd2
Qc7 9. Nb3 b5 10. f3 Be7 11. a3 O-O 12. g4 Rd8 13. Rd1 Bb7 14. h4 d5 15. exd5
Nxd5 16. Nxd5 Rxd5 17. Qc1 Ne5 18. Kf2 Bd6 19. Rhg1 Ng6 20. h5 Nf4 21. Bf1 Rd8
22. Rxd5 Bxd5 23. Nd4 Bb7 24. c3 Nd5 25. Bg5 Rd7 26. h6 g6 27. c4 Bc5 28. cxd5
Bxd4+ 29. Kg2 Qxc1 30. Bxc1 Bxg1 31. dxe6 fxe6 32. Kxg1 Rd1 33. Bf4 Bxf3 34.
Kf2 Bxg4 35. Be2 Bxe2 36. Kxe2 Rd5 37. Kf3 Rf5 38. Ke4 Rxf4+ 39. Kxf4 Kf7 40.
Kg5 e5 41. b3 a5 42. b4 axb4 43. axb4 Ke6 44. Kg4 Kd5 45. Kg5 e4 46. Kf6 e3 47.
Kg7 e2 48. Kxh7 e1=Q 49. Kxg6 Qg3+ 50. Kf7 Kc4 51. h7 Qc7+ 52. Kg6 Qxh7+ 0-1

[Event "7. Lichtenberger Sommer"]
[Site "Berlin"]
[Date "2008.08.17"]
[Round "2.51"]
[White "Knopf, Roland"]
[Black "Baumeister, Wolfgang"]
[Result "1/2-1/2"]
[WhiteElo "1949"]
[BlackElo "1806"]
[PlyCount "24"]
[EventDate "2008.??.??"]
[WhiteTeam "SC Kreuzberg e.V."]
[BlackTeam "SC Kreuzberg e.V."]

1. d4 f5 2. g3 e6 3. Bg2 d5 4. Nd2 Nf6 5. Nh3 Bd6 6. Nf3 c6 7. O-O O-O 8. b3
Ne4 9. c4 b6 10. Qc2 Bb7 11. Nhg5 Qf6 12. Nh3 h6 1/2-1/2

[Event "7. Lichtenberger Sommer"]
[Site "?"]
[Date "2008.08.17"]
[Round "2.52"]
[White "Schalck, Christiano"]
[Black "Rozov, Boris"]
[Result "1/2-1/2"]
[WhiteElo "1745"]
[BlackElo "2155"]
[PlyCount "63"]
[EventDate "2008.??.??"]

1. e4 c6 2. d4 d5 3. exd5 cxd5 4. Bd3 Nc6 5. c3 Nf6 6. Bf4 Qb6 7. Qb3 Qd8 8.
Nd2 e6 9. Ngf3 Bd6 10. Bxd6 Qxd6 11. O-O O-O 12. Rfe1 Nd7 13. Ng5 h6 14. Ngf3
e5 15. dxe5 Ndxe5 16. Be2 Bf5 17. Nxe5 Nxe5 18. Nf3 Nc6 19. Rad1 Rfd8 20. Nd4
Be6 21. Rd2 Rd7 22. Qd1 a6 23. Bg4 Re7 24. Nf5 Bxf5 25. Bxf5 Rxe1+ 26. Qxe1 Qf6
27. Bc2 Rd8 28. Qe3 d4 29. cxd4 Nxd4 30. Bb1 Qc6 31. Rd1 Qd5 32. Kh1 1/2-1/2

[Event "7. Lichtenberger Sommer"]
[Site "Berlin"]
[Date "2008.08.17"]
[Round "2.53"]
[White "Nekrasova, Kateryna"]
[Black "Poseck, Steffen"]
[Result "1/2-1/2"]
[WhiteElo "1788"]
[BlackElo "2107"]
[PlyCount "58"]
[EventDate "2008.??.??"]
[WhiteTeam "SV Empor Berlin e.V."]
[BlackTeam "SC Rotation Pankow e.V."]

1. e4 c5 2. Nf3 e6 3. d4 cxd4 4. Nxd4 Nf6 5. Nc3 d6 6. Be3 a6 7. Bd3 Qc7 8. O-O
Be7 9. a3 b5 10. Qf3 Bb7 11. Qg3 g6 12. Bh6 Nbd7 13. Nb3 Ne5 14. Nd2 Rc8 15. f4
Nc4 16. Bxc4 bxc4 17. Kh1 Rg8 18. Qh3 Qa5 19. Rae1 Qh5 20. Qxh5 Nxh5 21. Nf3
Nf6 22. h3 Nd7 23. Ng5 Bf8 24. Bxf8 Nxf8 25. Rd1 Ke7 26. Rd4 h6 27. Nf3 Nh7 28.
Rfd1 Rc6 29. Ne5 dxe5 1/2-1/2